000 00625nam a2200229Ia 4500
003 OSt
005 20221007074913.0
006 a|||||r|||| 00| 0
007 ta
008 221006b |||||||| |||| 00| 0 eng d
024 _a43,263
037 _cTextual
040 _aFLL
_cFLL
_beng
041 _2eng
_aeng
082 _aX:3M.2, Q2
100 _aKansra Deepa
_9693303
245 0 _aIndia and the dynamics of socialism in the global order
260 _aNew Delhi
_bAuthors press India
_c2012
300 _a155 xxiii
_ccm.
942 _hX:3M.2, Q2
_cTEXL
_2CC
999 _c1154095
_d1154095